000 00601nam a2200253Ia 4500
005 20260121161020.0
008 008 260114s9999 xx 000 0 eng d
020 _a9781351148085
037 _aEBOOK
040 _aCRL
040 _beng
040 _cCRL
041 _2eng
041 _aeng
084 _qCRL
100 _a Sandra Logan
_91039161
245 0 _aText/Events in Early Modern England
260 _bTaylor and Francis
260 _c2007
856 _uhttp://www.taylorfrancis.com/books/9781351148085
942 _cEBOOK
999 _c1605977
_d1605977